000 00294nam a22001337a 4500
008 181009b xxu||||| |||| 00| 0 eng d
020 _a0735709181
041 _aeng
080 _a710
100 _a44
101 _aART
245 _aDigital Texturing & Painting
_cDemers,O
942 _2udc
_cBK
999 _c49166
_d49166